000 00661 a2200193 4500
020 _c275.00
_a185326461X
035 _aB-211512
037 _bRP-BLI-400 / UBH-07-08:6 / RP-07-08:ENG
082 1 4 _a171.3
090 _c6356
_d6356
100 1 _aAristotle
245 1 _aThe nicomacheam ethics
_cby Aristotle; translated by Harris Rackham with an introduction by Stephen Watt
260 _aWordsworth Editions
_bHertfordshire
_c1996
300 _axxiii, 287 p
_c20 cm (pbk)
700 _aHarris Rackham
700 _aStephen Watt
942 _adpl
_cEN
_k173.3 / ARI
999 _c6242
_d6242